Statistics for North American Caribbean countries

Click here to take the quiz!

General Stats

  • This quiz has been taken 18 times
  • The average score is 18 of 20

Answer Stats

Answer% Correct
Antigua and Barbuda
94%
Barbados
94%
Cuba
94%
Cuba
94%
Dominica
94%
Dominican Republic
94%
Guatemala
94%
Haiti
94%
Honduras
94%
Jamaica
94%
Nicaragua
94%
Saint Kitts and Nevis
94%
Trinidad and Tobago
94%
Belize
88%
Costa Rica
88%
Mexico
88%
Saint Lucia
88%
Saint Vincent and the Grenadines
88%
Panama
82%
Grenada
71%

Score Distribution

Percentile by Number Answered

Percent of People with Each Score

Your Score History

You have not taken this quiz